00434nam a2200145 i 4500001000700000003000900007005001700016007000300033008004100036100003400077245008300111260004300194300002800237852002300265128549ES-MaACL20230906193318.0t|070518s1927 sp ||||1| spa d1 aTamayo y Rubio, Juan Antonio.10aCartas marruecas del coronel Don Joseph Cadahalso / cpor Juan Tamayo y Rubio. aGranada : b[López Guevara], c1927. a200 p., 3 h. ; c21 cm. aES-MaACLj1711-F-8